000 00797nam a2200241Ia 4500
003 OSt
005 20221006164517.0
006 a|||||r|||| 00| 0
007 ta
008 221006b |||||||| |||| 00| 0 hin d
024 _a7,241
037 _cTheseses
040 _aFML
_cFML
_bhin
041 _2hin
_ahin
100 _aKhanna Santosh Au.
_9677653
110 _aUniversity of Delhi. Faculty of Music and Fine Arts. Department of Music
_9520437
245 0 _aTodi Raag ka Parivartit Swaroop Evam Todi Ang ke Antargat Aane Wale Raago Ka Saidhhantik Aur Vyavharik Aadhyayan
260 _c1993
300 _a388
_ccm.
700 _aUniversity of Delhi. Faculty of Music and Fine Arts. Department of Music
_9520438
942 _cDIS
_2CC
999 _c1117501
_d1117501